La Pulpería costarricense /
La pulpería es un espacio popular que ha acompañado la vida social del costarricense a lo largo de toda su historia y de su geografía. La vida social y económica de los pueblos y de las comunidades tenía y tiene ahí su punto de contacto. Este libro se constituye en una investigación de la pulpería,...
Salvato in:
| Autore principale: | |
|---|---|
| Natura: | testo |
| Soggetti: | |
| Tags: |
Aggiungi Tag
Nessun Tag, puoi essere il primo ad aggiungerne!!
|
MARC
| LEADER | 00000 a a2200000 04500 | ||
|---|---|---|---|
| 001 | 44540 | ||
| 003 | |||
| 040 | |||
| 100 | |a Barzuna, Guillermo | ||
| 245 | |a La Pulpería costarricense / |c Guillermo Barzuna | ||
| 520 | |a La pulpería es un espacio popular que ha acompañado la vida social del costarricense a lo largo de toda su historia y de su geografía. La vida social y económica de los pueblos y de las comunidades tenía y tiene ahí su punto de contacto. Este libro se constituye en una investigación de la pulpería, como espacio cultural, a través de entrevistas y testimonios varios. | ||
| 590 | |a RRH/MARZO2013 | ||
| 650 | |a 1.PATRIMONIO | ||
| 650 | |a 2.CULTURA | ||
| 650 | |a 3.SOCIEDAD | ||
| 650 | |a 4.INTERACCION SOCIAL | ||
| 650 | |a 5.HISTORIA | ||
| 773 | |g volumen22, número2, 97 páginas : ilustraciones | ||
| 999 | |c 32544 |d 32544 | ||
